000 01224nam2a22002531 4500
001 RU\NLR\INFOCOMM44\1000005760
005 20250617041425.0
035 _a(NLR Aleph) 002438333
090 _a2059017
_c2059017
100 _a20040317d1961 |||y0rusy50 ca
101 0 _arus
102 _aRU
105 _ay |||||||||
200 1 _aВнеклассная работа по физике
_fВ.Д. Орлов
210 _d1961
_aБ. м.
461 0 _1001RU\NLR\INFOCOMM44\1000005733
_12001#$aУченые записки$fРСФСР. М-во высш. и сред. спец. образования. Иван. гос. ун-т$vТ.26, Вып.2
_92058848
_aИвановский университет им. Первого в России Иваново-Вознесенского общегородского Совета рабочих депутатов
_cИваново
_d1941-
_fРСФСР. М-во высш. и сред. спец. образования. Иван. гос. ун-т
_tУченые записки
_vТ.26, Вып.2
700 1 _aОрлов
_bВ.Д.
_4070
801 1 _aRU
_bInfoComm
_c20040317
801 0 _aRU
_bNLR
_gPSBO
852 _aNLR
_jП28/567
942 _cISSUE
980 _aNB
980 _aRUSPER